| 000 | 00566nam a2200193 a 4500 | ||
|---|---|---|---|
| 005 | 20240423063638.0 | ||
| 008 | 010918s1997 mx r 000 0 spa d | ||
| 020 | _a8481960705 | ||
| 035 | _aUPN01000111729 | ||
| 049 | _aCG | ||
| 050 | 4 |
_aHF5548.8 _bM3.6 |
|
| 245 | 0 | 0 |
_aManual de prácticas de psicología organizacional / _cdir. Manuel Fernández-Rios. |
| 260 |
_aSalamanca, Esp. : _bAmarú, _c1997, |
||
| 300 |
_a217 p. : _bil. |
||
| 650 | 4 |
_aPsicología industrial _99354 |
|
| 700 | 1 |
_aFernández-Rios, Manuel, _ecoord. |
|
| 905 | _aLibro | ||
| 999 |
_c85637 _d85637 |
||